| 000 | 00517nam a22001817a 4500 | ||
|---|---|---|---|
| 005 | 20170630111835.0 | ||
| 010 | _aENG-119069 | ||
| 020 |
_c390.00 _a9789352100989 |
||
| 035 | _aEN-102601 | ||
| 037 | _bDBAD/PUB | ||
| 082 | _a181.499 | ||
| 100 | _aAurobindo | ||
| 245 |
_aLetters on poetry and art / _cby Aurobindo |
||
| 260 |
_aPondicherry _bSri Aurobindo Ashram _c2016 |
||
| 270 |
_aSri Aurobindo Ashram _bPondicherry _e605002 |
||
| 300 |
_a769p. _c22cm(Pbk) |
||
| 942 |
_2ddc _cEN _h181.499 _mAUR |
||
| 999 |
_c142105 _d142105 |
||